Skład Realu Madryt na sezon 2025/2026 - Statystyki

Ogólne statystyki
  • Ten quiz został rozwiązany 610 razy
    563 od ostatniego zresetowania
  • Średni wynik to 19 z 25
Statystyki odpowiedzi
Hint Odpowiedź % Poprawnych
#13 Bramkarz Ukraina A.Lunin
94%
#22 Obrońca Niemcy A.Rudiger
93%
#4 Obrońca Austria D.Alaba
91%
#3 Obrońca Brazylia E.Militao
89%
#7 Skrzydłowy Brazylia Vinicius Junior
89%
#10 Napastnik Francja K.Mbappe
88%
#8 Pomocnik Urugwaj F.Valverde
85%
#1 Bramkarz Belgia T.Courtois
84%
#5 Pomocnik Anglia J.Bellingham
83%
#11 Skrzydłowy Brazylia Rodrygo
82%
#23 L.Obrońca Francja F.Mendy
81%
#15 Pomocnik Turcja A.Guler
80%
#12 P.Obrońca Anglia T.Alexander-Arnold
79%
#6 Pomocnik Francja E.Camavinga
78%
#2 P.Obrońca Hiszpania D.Carvajal
77%
#18 L.Obrońca Hiszpania A.Carreras
74%
#20 L.Obrońca Hiszpania F.Garcia
73%
#21 Skrzydłowy Maroko B.Diaz
70%
#24 Obrońca Hiszpania D.Hujisen
70%
#9 Napastnik Brazylia Endrick
70%
#16 Napastnik Hiszpania G.Garcia
68%
#30 Pomocnik Argentyna F.Mastantuono
65%
#14 Pomocnik Francja A.Tchouameni
64%
#17 Obrońca Hiszpania R.Asencio
64%
#19 Pomocnik Hiszpania D.Ceballos
53%
Nie znaleziono quizów pasujących do podanych kryteriów
Rozkład punktacji
Procent ludzi z każdym wynikiem
Percentyl według liczby udzielonych odpowiedzi
Twoja historia wyników
Nie rozwiązałeś tego quizu od ostatniego zresetowania